Olympischer Medaillenspiegel - Melbourne 1956 - Statistiken

Allgemein
  • Dieses Quiz wurde 17 mal gespielt
  • Das Durchschnittsergebnis liegt bei 8 aus 10
Antwortstatistiken
Gold Silber Bronze Gesamt Land % Korrekt
6 13 7 26 Deutschland
100%
32 25 17 74 Vereinigte Staaten
100%
37 29 32 98 Sowjetunion
94%
8 8 9 25 Italien
88%
13 8 14 35 Australien
81%
4 10 5 19 Japan
75%
6 7 11 24 Großbritannien
69%
8 5 6 19 Schweden
63%
9 10 7 26 Ungarn
63%
3 1 11 15 Finnland
50%
Keine übereinstimmenden Quizze gefunden
Verteilung der Resultate
Anzahl Personen mit jedem Resultat
Perzentil nach korrekt beantworteten Fragen
Ihre Resultats-Entwicklung
Sie haben dieses Quiz noch nicht gespielt